Sports Quiz

Random Sports or Basketball Quiz

John R. Wooden Award Winners Quiz Stats

 Plays Quiz Updated Apr 9, 2018

Challenge
Share
Tweet
Embed
Score 0/42 Timer 07:00
0 Plays Today
Year Player % Correct
2007Kevin Durant
85.5%
1984Michael Jordan
85%
2009Blake Griffin
84.6%
1997Tim Duncan
81%
2012Anthony Davis
76.9%
1987David Robinson
75.5%
1979Larry Bird
75.3%
1994Glenn Robinson
75.2%
2002Jay Williams
73.5%
1991Larry Johnson
72.8%
1977Marques Johnson
71.1%
2005Andrew Bogut
70.6%
1992Christian Laettner
68.2%
2004Jameer Nelson
67.8%
2000Kenyon Martin
67.6%
1996Marcus Camby
66.6%
2008Tyler Hansbrough
64.8%
2016Buddy Hield
62.7%
2010Evan Turner
62.4%
2015Frank Kaminsky
62.1%
2006J.J. Redick
62.1%
Year Player % Correct
1983Ralph Sampson
60.2%
1982Ralph Sampson
60.2%
2014Doug McDermott
59.9%
1988Danny Manning
58.9%
2013Trey Burke
58.6%
2001Shane Battier
58%
1999Elton Brand
56%
2003T.J. Ford
54.6%
1978Phil Ford
54.2%
2018Jalen Brunson
49.4%
1998Antawn Jamison
46.9%
2017Frank Mason III
46.7%
1985Chris Mullin
43.6%
1995Ed O'Bannon
42.5%
1981Danny Ainge
32.2%
2011Jimmer Fredette
26%
1993Calbert Cheaney
25.8%
1989Sean Elliott
18.7%
1990Lionel Simmons
16.5%
1980Darrell Griffith
14.8%
1986Walter Berry
12.3%

You're not logged in!

Compare scores with friends on all Sporcle quizzes.
OR
Log In

You Might Also Like...

Show Comments

Extras

Top Quizzes Today


Score Distribution

Your Account Isn't Verified!

In order to create a playlist on Sporcle, you need to verify the email address you used during registration. Go to your Sporcle Settings to finish the process.

Report this User

Report this user for behavior that violates our Community Guidelines.

Details: